Regionen Italiens Kartenquiz - Statistiken

Allgemein
  • Dieses Quiz wurde 859 mal gespielt
  • Das Durchschnittsergebnis liegt bei 14 aus 20
Antworten auf der Karte
Die Antworten werden auf der Karte rot bzw. grün angezeigt, abhängig davon wie oft sie richtig erraten wurden.
 
Antwortstatistiken
Antwort % Korrekt
Sizilien
97%
Sardinien
96%
Toskana
87%
Trentino-Südtirol
82%
Friaul-Julisch Venetien
77%
Venetien
76%
Latium
75%
Piemont
74%
Kalabrien
72%
Lombardei
72%
Emilia-Romagna
71%
Ligurien
70%
Aostatal
69%
Apulien
67%
Kampanien
56%
Umbrien
52%
Marken
51%
Basilikata
49%
Molise
48%
Abruzzen
40%
Keine übereinstimmenden Quizze gefunden
Verteilung der Resultate
Anzahl Personen mit jedem Resultat
Perzentil nach korrekt beantworteten Fragen
Ihre Resultats-Entwicklung
Sie haben dieses Quiz noch nicht gespielt